000 00203nam a2200109Ia 4500
100 _a#N/A
942 _cBK
245 _aPC Quest March 2012SEO TOOLS
260 _b#N/A
546 _aENGLISH
999 _c21361
_d21361